000 00980nam a2200265Ia 4500
003 OSt
005 20221005112431.0
006 a|||||r|||| 00| 0
007 ta
008 221004b |||||||| |||| 00| 0 pan d
020 _a9789351139386 (hbk)
_cINR 800.00
024 _a35635
037 _b1006, 13/11/2017, H.K. Prakashan
_cTextual
040 _aCRL
_cCRL
_bpan
041 _2pan
_apan
082 _aO153,3M87x, Q7
100 _aਹਰਜੀਤ ਸਿੰਘ, ਂਚ.
245 0 _aਕੁਲ ਕਹਾਣੀਆਂ ਤੇ ਅੱਭੁਲ ਯਾਦਾਂ
_b ਹੀਰਾ ਸਿੰਘ ਦਰਦ
260 _aਚੰਡੀਗੜ
_bਯੂਨੀਸਟਾਰ ਭਾਰਤ
_c2017
300 _a210ਪੰ
_ccm.
650 _a ਪੰਜਾਬੀ ਕਹਾਣੀ
650 _aਪੰਜਾਬੀ ਸਾਹਿਤ
942 _hO153,3M87x, Q7
_cTEXL
_2cc
999 _c1024880
_d1024880